000 00738nam a2200193Ia 4500
003 GCL
008 140319s9999 xx 000 0 ara d
040 _aGCL /
_cGCL
082 0 4 _a891
_bص م
100 1 _aصبرى الفضل (أختيار ومترجم)
245 1 0 _aمختارات من الاداب الاسيوية: الهند, الصين, كوريا /
_cصبرى الفضل (أختيار ومترجم)
260 _a[S.N] :
_bالهيئة المصرية العامة للكتاب ،
_c1993
300 _a223 ص
490 _aالالف كتاب
_v0
650 0 4 _aالادب الصينى المترجم
650 0 4 _aالادب الهندى المترجم
650 0 4 _aالادب الكورى المترجم
942 _2ddc
_cBK
999 _c29874
_d29874